[Event "NZL-ch U08/16"]
[Site "Waitakere"]
[Date "2012.07.04"]
[Round "4"]
[White "Zhu, Crystal"]
[Black "Feng, Dahlia"]
[Result "1-0"]
[WhiteElo "1223"]
[BlackElo "1022"]
[PlyCount "69"]
[EventDate "2012.07.06"]
[EventType "swiss"]
[EventRounds "7"]
[EventCountry "NZL"]
[SourceTitle "EXT 2018"]
[Source "ChessBase"]
[SourceDate "2017.10.13"]
[SourceVersion "1"]
[SourceVersionDate "2017.10.13"]
[SourceQuality "1"]

1. e4 e6 2. d4 d5 3. exd5 exd5 4. Bd3 Nc6 5. Nf3 Nf6 6. 0-0 g6 7. c3 Bg7 8. Re1+ Be6 9. Ng5 Qd7 10. h3 0-0 11. Nxe6 fxe6 12. Be3 a6 13. Nd2 Rfe8 14. Nb3 e5 15. Nc5 Qc8 16. dxe5 Nxe5 17. Bd4 Nxd3 18. Rxe8+ Qxe8 19. Qxd3 b6 20. Bxf6 Bxf6 21. Qxd5+ Kf8 22. Ne6+ Ke7 23. Nxc7 Rd8 24. Qe6+ Kf8 25. Nxe8 Rxe8 26. Qxf6+ Kg8 27. Qxb6 Ra8 28. Re1 h5 29. Qxg6+ Kf8 30. Qh6+ Kf7 31. Qxh5+ Kg7 32. Re7+ Kf6 33. Qe5+ Kg6 34. Re6+ Kf7 35. Rf6+ 1-0

[Event "NZL-ch U08/14"]
[Site "Howick"]
[Date "2011.07.27"]
[Round "4"]
[White "Zhu, Crystal"]
[Black "Fan, Allen Chi Zhou"]
[Result "1-0"]
[WhiteElo "1155"]
[BlackElo "1153"]
[PlyCount "35"]
[EventDate "2011.07.29"]
[EventType "swiss"]
[EventRounds "7"]
[EventCountry "NZL"]
[SourceTitle "EXT 2018"]
[Source "ChessBase"]
[SourceDate "2017.10.13"]
[SourceVersion "1"]
[SourceVersionDate "2017.10.13"]
[SourceQuality "1"]

1. e4 e5 2. Nf3 Nc6 3. d4 f6 4. d5 Nb8 5. Be3 d6 6. Bc4 c6 7. Nc3 Ne7 8. 0-0 Nd7 9. h3 Nb6 10. Bxb6 Qxb6 11. b3 f5 12. Re1 Ng6 13. Ng5 Be7 14. Qd2 Nf4 15. dxc6 Qxc6 16. Bb5 Bxg5 17. Bxc6+ bxc6 18. Qxd6 1-0